Paderewski: el conductor de un pueblo

Guardat en:
Dades bibliogràfiques
Autor principal: Thibaut, Marcel (Autor)
Format: Llibre
Idioma:espanyol
Publicat: Buenos Aires Sociedad Editora Latino-Americana 1945
Matèries:
Etiquetes: Afegir etiqueta
Sense etiquetes, Sigues el primer a etiquetar aquest registre!

MARC

LEADER 00000nam a2200000 a 4500
001 UCN2156
003 CL-VaPUC
005 20230804112744.0
008 010511e19450000AG |||||||||||||||||spa|d
999 |c 295314  |d 295312 
040 |c Pontificia Universidad Católica de Valparaíso 
082 0 4 |a 780.92  |b THI  |2 21 
100 0 |a Thibaut, Marcel  |e author  |9 457821 
245 1 0 |a Paderewski: el conductor de un pueblo 
260 |a Buenos Aires  |b Sociedad Editora Latino-Americana  |c 1945 
300 |a 157 p 
583 |a last modification  |c 20010511 00:00:00  |k Rodrigo Vera 
600 |a Paderewski, Ignacy Jan,  |d 1860-1941  |9 879834 
650 7 |a COMPOSITORES POLACOS  |2 CL-VaPUC  |9 457823 
650 7 |a MUSICOS POLACOS  |2 CL-VaPUC  |9 457824 
650 0 |a Pianistas  |9 306502 
942 |c BK  |2 ddc 
945 |d 20010511 00:00:00  |a crobeson 
952 |0 0  |1 0  |4 0  |6 780_920000000000000_THI_1945  |7 0  |8 A  |9 348294  |a BIBEDU  |b BIBEDU  |d 2019-11-20  |i 1181645  |o 780.92 THI 1945  |p 1181645  |r 2023-01-12  |w 2019-11-20  |y BK  |k MUS